banner-ar

A GUIDE TO EFFECTIVE CARE IN PREGNANCY AND CHILDBIRTH / (Record no. 11881)

MARC details
000 -الفاتح
حقل البيانات ثابتة الطول 00550nam a2200205Ia 4500
008 - عناصر البيانات ثابتة الطول - معلومات عامة
حقل البيانات ثابتة الطول 140319s9999 xx 000 0 eng d
040 ## - مصدر الفهرسة
وكالة الفهرسة الأصلية GCL /
وكالة النسخ GCL
082 04 - رقم تصنيف ديوى العشرى
رقم التصنيف 618.25
رقم المادة E G
100 1# - المدخل الرئيسى - إسم شخصى
الإسم الشخصى ENNKIN , MARRAY
245 10 - بيان العنوان
العنوان A GUIDE TO EFFECTIVE CARE IN PREGNANCY AND CHILDBIRTH /
بيان المسئوليه,etc ENNKIN , MARRAY
700 1# - المدخل الاضافى - اسم شخصى
الإسم الشخصى RENFREW, MARY
700 1# - المدخل الاضافى - اسم شخصى
الإسم الشخصى NILSON, JAMES
260 ## - PUBLICATION, DISTRIBUTION, ETC. (IMPRINT)
تاريخ النشر أو التوزيع 1995
300 ## - الوصف المادى
التعداد 429 P P
650 04 - المدخل الاضافى بالموضوع-مصطلح موضوعى
مصطلح موضوعي PREGNANCY
650 04 - المدخل الاضافى بالموضوع-مصطلح موضوعى
مصطلح موضوعي CHILDBIRTH
650 04 - المدخل الاضافى بالموضوع-مصطلح موضوعى
مصطلح موضوعي MOTHERCARE
942 ## - عناصر المدخل الإضافي( كوها)
مصدر التصنيف او مخطط الترفيف Dewey Decimal Classification
Koha [default] item type كتاب
260 ## - PUBLICATION, DISTRIBUTION, ETC. (IMPRINT)
-- [S.N] :
-- OXFORD UNIVERSITY PRESS ،
Holdings
حالة التراجع حالة الفقد حالة تلف ليس للاعارة المكان المؤقت الموقع الحالى تاريخ الاكتساب اجمالي اﻻعارات رقم الطلب الباركود تاريخ اخر مشاهدة تاريخ تفعيل السعر نوع وعاء كوها
        مكتبة القاهرة الكبرى مكتبة القاهرة الكبرى 03/26/2014   618.25\E G 23340 03/26/2014 03/26/2014 كتاب

Powered By

EGPV